00273nam a2200109Ia 4500008004100000082001600041100001600057245003700073260002600110300001000136650001700146150201s2004 xx 000 0 und d a617.7bC04G aGUPTA, A.C. aCURRENT TOPICS IN OPHTHAMOLOGY-2 bELSEVIERaDELHIc2004 a1-707 aORTHOPAEDICS